1752 1877 1396 1077 1481 1298 1390 1371 1691 1846 1625 1919 1637 1826 1654 1041 1922 1796 1491 1107 1624 1673 1446 1794 1782 1091 1459 1749 1938 1711 1316 1998 1671 1556 1666 1134 1069 1305 1851 1653 1738 1040 1755 1292 1364 1284 1755 1918 1075 1587 1136 1031 1529 1722 1436 1012 1119 1370 1842 1567 1665 1886 1132 1845 1277 1950 1153 1620 1318 1061 1716 1928 1126 1709 1961 1174 1126 1045 1864 1467 1322 1554 1398 1158 1515 1470 1293 1066 1697 1388 1051 1283 1623 1438 1218 1627 1322 1016 1355 BCNSPRNW ULIB Ver.6.0+V

เปลี่ยนเป็นภาษาไทย

Change to English
 แสดงรายละเอียดบรรณานุกรม
  กลับหน้าหลัก

Brief Record : Get Marc (ISO 2709) : E-mail record : QR code < ปิดหน้าต่าง
LEADER : 00000nam 2200000uu 4500
001    13399120058
003     ULIB
008    120828s2553||||th 000 0 tha d
020    ^a9789741075430
050  4 ^aLB1043^bน784ก
100 0  ^aเนตร หงษ์ไกรเลิศ
245 10 ^aการใช้โสตทัศนูปกรณ์ /^cเนตร หงษ์ไกรเลิศ, ธนะเมศฐ์ รฐาพงศ์พัชรา และปณิธาน มหุวรรณ ; อรุณี ยันตรปกรณ์; บรรณาธิการ
250    ^aพิมพ์ครั้งที่ 1
260    ^aนนทบุรี :^bโครงการสวัสดิการวิชาการ สถาบันพระบรมราชชนก, ^c2553
300    ^a221 หน้า :^bภาพประกอบ
650  7 ^aโสตทัศนูปกรณ์
650  7 ^aโสตทัศนศึกษา
710 2  ^aสถาบันพระบรมราชชนก.^bโครงการสวัสดิการวิชาการ
945    ^p250^l0^i032478
995    ^aทศพร
999    ^aวิภา
รายการนี้ยังไม่มีแท็ก
คุณยังไม่ได้ล็อกอิน คุณสามารถมีกิจกรรมร่วมกับเว็บไซต์ได้ แต่ต้องล็อกอินก่อน ::
  ล็อกอิน

รายการสื่อสารสนเทศ

ลำดับที่ ประเภท เลขเรียก/บาร์โค้ด สถานที่ สถานะ
- ไม่พบข้อมูล -

รายการใกล้เคียง
    ผู้แต่ง [เนตร หงษ์ไกรเลิศ]

    หัวเรื่อง [โสตทัศนูปกรณ์]
    หัวเรื่อง [โสตทัศนศึกษา]

BibComment


ยังไม่เคยถูกคอมเมนท์

คอมเมนท์ทรัพยากรรายการนี้
  คอมเมนท์: การใช้โสตทัศนูปก..


 Copyright 2026. Bcnsprnw @Library